| 000 | 00510nam a2200193Ia 4500 | ||
|---|---|---|---|
| 008 | 220531s9999 xx 000 0 und d | ||
| 041 | _aeng | ||
| 082 |
_a- _bEDW / LEE |
||
| 100 |
_aEdwards, M. G. / Lee, A. Ed. _968529 |
||
| 245 | _aMarketing Strategy: Casebook | ||
| 250 | _a1ST | ||
| 260 |
_aDelhi _bCambridge University Press _c2014 |
||
| 300 | _a108 | ||
| 542 | _d11-06-2015 | ||
| 551 |
_aCommerce _bUgc-C |
||
| 650 |
_aMarketing Strategy _968530 |
||
| 906 | _d2015-2016 | ||
| 999 |
_c38496 _d38496 |
||